<?xml version="1.0" encoding="UTF-8"?>
<record
    xmlns:xsi="http://www.w3.org/2001/XMLSchema-instance"
    xsi:schemaLocation="http://www.loc.gov/MARC21/slim http://www.loc.gov/standards/marcxml/schema/MARC21slim.xsd"
    xmlns="http://www.loc.gov/MARC21/slim">

  <leader>00652nam a2200181Ia 4500</leader>
  <controlfield tag="005">20260429112312.0</controlfield>
  <controlfield tag="008">260429s9999||||xx |||||||||||||| ||und||</controlfield>
  <datafield tag="020" ind1=" " ind2=" ">
    <subfield code="a">9788119497119</subfield>
  </datafield>
  <datafield tag="041" ind1=" " ind2=" ">
    <subfield code="a">Hindi</subfield>
  </datafield>
  <datafield tag="082" ind1=" " ind2=" ">
    <subfield code="a">891.21</subfield>
    <subfield code="b">LAL</subfield>
  </datafield>
  <datafield tag="100" ind1=" " ind2=" ">
    <subfield code="a">&#x932;&#x93E;&#x932;, &#x92E;&#x94B;&#x939;&#x928; </subfield>
  </datafield>
  <datafield tag="245" ind1=" " ind2="0">
    <subfield code="a">&#x906;&#x927;&#x941;&#x928;&#x93F;&#x915; &#x90F;&#x935;&#x902; &#x92A;&#x94D;&#x930;&#x93E;&#x91A;&#x940;&#x928; &#x938;&#x902;&#x938;&#x94D;&#x915;&#x943;&#x924; &#x915;&#x93E;&#x935;&#x94D;&#x92F; &#x92E;&#x940;&#x92E;&#x93E;&#x902;&#x938;&#x93E; : </subfield>
    <subfield code="b">&#x92D;&#x93E;&#x917;-1 / </subfield>
    <subfield code="c">&#x92E;&#x94B;&#x939;&#x928; &#x932;&#x93E;&#x932;</subfield>
  </datafield>
  <datafield tag="250" ind1=" " ind2=" ">
    <subfield code="a">1st ed.</subfield>
  </datafield>
  <datafield tag="260" ind1=" " ind2=" ">
    <subfield code="a">&#x91C;&#x92F;&#x92A;&#x941;&#x930; : </subfield>
    <subfield code="b">&#x92A;&#x948;&#x930;&#x93E;&#x921;&#x93E;&#x907;&#x91C;&#x93C; &#x92A;&#x92C;&#x94D;&#x932;&#x93F;&#x936;&#x930;&#x94D;&#x938;,</subfield>
    <subfield code="c">2025.</subfield>
  </datafield>
  <datafield tag="300" ind1=" " ind2=" ">
    <subfield code="a">178 p.; Hb</subfield>
  </datafield>
  <datafield tag="650" ind1=" " ind2=" ">
    <subfield code="a">&#x938;&#x902;&#x938;&#x94D;&#x915;&#x943;&#x924; &#x915;&#x935;&#x93F;&#x924;&#x93E;</subfield>
  </datafield>
  <datafield tag="942" ind1=" " ind2=" ">
    <subfield code="c">TB</subfield>
  </datafield>
  <datafield tag="999" ind1=" " ind2=" ">
    <subfield code="c">53385</subfield>
    <subfield code="d">53385</subfield>
  </datafield>
  <datafield tag="952" ind1=" " ind2=" ">
    <subfield code="0">0</subfield>
    <subfield code="1">0</subfield>
    <subfield code="4">0</subfield>
    <subfield code="7">0</subfield>
    <subfield code="8">NFIC</subfield>
    <subfield code="a">CUTN</subfield>
    <subfield code="b">CUTN</subfield>
    <subfield code="c">800</subfield>
    <subfield code="d">2026-04-29</subfield>
    <subfield code="e">Kiran Book Service, New Delhi - Invoice No. IN-00113 on 09-02-2026</subfield>
    <subfield code="l">0</subfield>
    <subfield code="o">891.21 LAL</subfield>
    <subfield code="p">57117</subfield>
    <subfield code="r">2026-04-29 11:23:12</subfield>
    <subfield code="w">2026-04-29</subfield>
    <subfield code="y">TB</subfield>
  </datafield>
  <datafield tag="952" ind1=" " ind2=" ">
    <subfield code="0">0</subfield>
    <subfield code="1">0</subfield>
    <subfield code="4">0</subfield>
    <subfield code="7">0</subfield>
    <subfield code="8">NFIC</subfield>
    <subfield code="a">CUTN</subfield>
    <subfield code="b">CUTN</subfield>
    <subfield code="c">800</subfield>
    <subfield code="d">2026-04-29</subfield>
    <subfield code="e">Kiran Book Service, New Delhi - Invoice No. IN-00113 on 09-02-2026</subfield>
    <subfield code="l">0</subfield>
    <subfield code="o">891.21 LAL</subfield>
    <subfield code="p">57118</subfield>
    <subfield code="r">2026-04-29 11:23:12</subfield>
    <subfield code="w">2026-04-29</subfield>
    <subfield code="y">TB</subfield>
  </datafield>
  <datafield tag="952" ind1=" " ind2=" ">
    <subfield code="0">0</subfield>
    <subfield code="1">0</subfield>
    <subfield code="4">0</subfield>
    <subfield code="7">0</subfield>
    <subfield code="8">NFIC</subfield>
    <subfield code="a">CUTN</subfield>
    <subfield code="b">CUTN</subfield>
    <subfield code="c">800</subfield>
    <subfield code="d">2026-04-29</subfield>
    <subfield code="e">Kiran Book Service, New Delhi - Invoice No. IN-00113 on 09-02-2026</subfield>
    <subfield code="l">0</subfield>
    <subfield code="o">891.21 LAL</subfield>
    <subfield code="p">57119</subfield>
    <subfield code="r">2026-04-29 11:23:12</subfield>
    <subfield code="w">2026-04-29</subfield>
    <subfield code="y">TB</subfield>
  </datafield>
  <datafield tag="952" ind1=" " ind2=" ">
    <subfield code="0">0</subfield>
    <subfield code="1">0</subfield>
    <subfield code="4">0</subfield>
    <subfield code="7">0</subfield>
    <subfield code="8">NFIC</subfield>
    <subfield code="a">CUTN</subfield>
    <subfield code="b">CUTN</subfield>
    <subfield code="c">800</subfield>
    <subfield code="d">2026-04-29</subfield>
    <subfield code="e">Kiran Book Service, New Delhi - Invoice No. IN-00113 on 09-02-2026</subfield>
    <subfield code="l">0</subfield>
    <subfield code="o">891.21 LAL</subfield>
    <subfield code="p">57120</subfield>
    <subfield code="r">2026-04-29 11:23:12</subfield>
    <subfield code="w">2026-04-29</subfield>
    <subfield code="y">TB</subfield>
  </datafield>
</record>
